China to 1850 : (Record no. 26828)
[ view plain ]
| 000 -LEADER | |
|---|---|
| fixed length control field | 00759nam a2200265 i 4500 |
| 001 - CONTROL NUMBER | |
| control field | 26828 |
| 003 - CONTROL NUMBER IDENTIFIER | |
| rucl marc code | BD-RjUL |
| 005 - DATE AND TIME OF LATEST TRANSACTION | |
| control field | 20211209051055.0 |
| 008 - FIXED-LENGTH DATA ELEMENTS--GENERAL INFORMATION | |
| fixed length control field | 140323t1978 caub 001 0 eng |
| 020 ## - INTERNATIONAL STANDARD BOOK NUMBER | |
| International Standard Book Number | 0804709572. |
| -- | 0804709580 |
| 035 ## - SYSTEM CONTROL NUMBER | |
| System control number | (BD-RjUL)26899 |
| 040 ## - CATALOGING SOURCE | |
| Original cataloging agency | DLC |
| Transcribing agency | DLC |
| Modifying agency | DLC |
| -- | BD-RjUL |
| Language of cataloging | eng |
| 041 ## - LANGUAGE CODE | |
| Language code of text/sound track or separate title | eng |
| 082 00 - DEWEY DECIMAL CLASSIFICATION NUMBER | |
| Classification number | 951 |
| Author mark and year | HUC 1978 |
| 100 1# - MAIN ENTRY--PERSONAL NAME | |
| Personal name | Hucker, Charles O. |
| 9 (RLIN) | 79016 |
| 245 10 - TITLE STATEMENT | |
| Title | China to 1850 : |
| Remainder of title | a short history / |
| Statement of responsibility, etc. | Charles O. Hucker. |
| 260 ## - PUBLICATION, DISTRIBUTION, ETC. (IMPRINT) | |
| Place of publication, distribution, etc. | Stanford, Calif. : |
| Name of publisher, distributor, etc. | Stanford University Press, |
| Date of publication, distribution, etc. | 1978. |
| 300 ## - PHYSICAL DESCRIPTION | |
| Pagination | 162 p. : |
| Illustrations | maps ; |
| Size | 20 cm. |
| 504 ## - BIBLIOGRAPHY, ETC. NOTE | |
| Bibliography, etc | Includes index. |
| 651 #0 - SUBJECT ADDED ENTRY--GEOGRAPHIC NAME | |
| Geographic name | China |
| General subdivision | Civilization. |
| 9 (RLIN) | 82466 |
| Geographic name | China |
| General subdivision | History. |
| 9 (RLIN) | 82467 |
| 942 ## - ADDED ENTRY ELEMENTS (KOHA) | |
| Source of classification or shelving scheme | Dewey Decimal Classification |
| Koha item type | Books |
| Lost status | Source of classification or shelving scheme | Damaged status | Not for loan | Collection code | Permanent Location | Current Location | Shelving location | Date acquired | Source of acquisition | Total Checkouts | Full call number | Date last seen | Copy number | Koha item type |
|---|---|---|---|---|---|---|---|---|---|---|---|---|---|---|
| Dewey Decimal Classification | Non-fiction | Central Library, University of Rajshahi | Central Library, University of Rajshahi | 11/08/1990 | asia foundation | 951 HUC 1978 | 23/03/2014 | C-2 | Books |